| 000 | 00832nam a22002417a 4500 | ||
|---|---|---|---|
| 003 | LK-CoDNM | ||
| 005 | 20241125122916.0 | ||
| 008 | 241015b |||||||| |||| 00| 0 eng d | ||
| 040 |
_aLK-CoDNM _dLK-CoDNM _eLK-CoDNM |
||
| 041 | _asin | ||
| 080 |
_aප්ර.ද _b2.b |
||
| 100 | _aඇඩ්මින් ධර්මවර්ධන | ||
| 245 |
_aදහම-1967 _b1 කාණ්ඩය 2 කලාපය |
||
| 260 |
_aමහනුවර _bතිලක මුද්රණාලය _c1967 |
||
| 300 | _b12p. ; 24 cm | ||
| 500 | _aමාසික සගරාව | ||
| 650 | _a දහම-1967 | ||
| 650 | _a1 කාණ්ඩය 2 කලාපය | ||
| 650 | _aප්ර.ද 2.b | ||
| 650 | _aමාසික සගරාව | ||
| 650 | _aඇඩ්මින් ධර්මවර්ධන | ||
| 942 | _cBK | ||
| 999 |
_c232553 _d232553 |
||